01390cam a22003134i 4500003000900000005001700009008004100026035001900067040003300086082002100119100003700140245003200177264003000209336002100239337002500260338002300285505067200308526001000980526001000990526001001000526001001010526000801020526000801028526000801036526000801044526000801052526000801060526000801068PE-LiUPU20250731173211.0150625s r 000 0 d a(Sirsi) a32333 aPE-LiUPUbspacPE-LiUPUerda04a201.301bS562211 aSimarro Fernandez, Juan,eautor.10aCristianos ante la pobreza. 1aBarcelona :bClie,c1990. atext2rdacontent aunmediated2rdamedia avolume2rdacarrier0 aEl programa de Jesus. - Caracteristicas psicologicas de los pobres. - A los pobres siempre los tendreis con vosotros. - Las causas de la pobreza. - La autentica religión. - A mi lo hicisteis. - ¿Medidas asistenciales o cambios estructurales?. - La justicia. - La conversión y su recusión en la esfera social. - ¿Somos todos hermanos?. - El buen samaritano. - La comunicación cristiana a travez de la acción. - El hombre y el rito. - Caractersticas psicologicas del rico opresor. - El amor. - Las falsas apariencias. - Paradojas biblicas. - Mi poetncia se perfecciona en la debilidad. - Las posesiones ante la brevedad de la vida. - Mirando a lo invisible. aSEG42 aSEG41 aSEG40 aSEG39 aP94 aP87 aP86 aP85 aP77 aP76 aP35